Phoebe Bridgers - Punisher (Tracklist) - Statistics

General Stats
  • This quiz has been taken 435 times
  • The average score is 10 of 11
Answer Stats
Hint Answer % Correct
4. Punisher
98%
11. I Know The End
96%
3. Kyoto
91%
2. Garden Song
90%
7. Moon Song
90%
1. DVD Menu
88%
10. Graceland Too
88%
6. Chinese Satellite
86%
5. Halloween
86%
9. ICU
86%
8. Savior Complex
83%
No matching quizzes found
Score Distribution
Percent of People with Each Score
Percentile by Number Answered
Your Score History
You have not taken this quiz